000 01242naa a22003137a 4500
001 BR8900989
003 BR-BrBNA
005 20250721155345.0
007 ta
008 250630b bl.|||m| |||| 00| 0 por d
040 _aBR-BrBNA
_bpor
_cBiblioteca Nacional de Agricultura
041 _a(Pt)
072 _aH60
_b0120
_b3976
090 _aH60 BR8900989
100 1 _aDower Netto, J.B.
100 1 _aBraz, B.A.
100 1 _aChehato, A.N.
100 1 _aHasegawa, H.
111 1 _a16. Congresso Nacional de Milho e Sorgo
_cBelo Horizonte, MG (Brazil)
_d4-8 Aug 1986
245 1 _aComportamento da mistura pronta de atrazina + simazina comparada e outros herbicidas comumente utilizados na cultura do milho (Zea mays L.)
500 _a16. Congresso Nacional de Milho e Sorgo. Anais Sete Lagoas, MG (Brasil): 1988. p. 435-445 [Summaries (En, Pt); 6 tables; 8 ref.] (BR8900989-AMS)
773 0 _t16. Congresso Nacional de Milho e Sorgo. Anais
_wH60 BR8900989
_gSete Lagoas, MG (Brasil), 1988. p. 435-445
650 _aMILHO
650 _aERVA DANINHA
650 _aHERBICIDA
490 _aDocumentos - Centro Nacional de Pesquisa de Milho e Sorgo (Brazil)
_vno. 6
942 _cAMS
_2AGRIS
909 _a202506
_bLúcia
_c55
_dLúcia Elande
999 _c336052
_d336052